League of Legends - Tier 1 Teams (2025) - Statistics

General Stats
  • This quiz has been taken 104 times
    84 since last reset
  • The average score is 38 of 60
Answer Stats
Answer % Correct
Gen.G
100%
T1
100%
G2 Esports
98%
Dplus KIA
93%
Hanwha Life Esports
93%
Bilibili Gaming
92%
Karmine Corp
92%
Movistar KOI
92%
DRX
88%
Flyquest
88%
Fnatic
88%
Nongshim RedForce
88%
Anyone's Legend
87%
KT Rolster
87%
Team Liquid
87%
CTBC Flying Oyster
85%
Top Esports
85%
Rogue/Natus Vincere
83%
Invictus Gaming
80%
Cloud9
78%
JD Gaming
77%
OKSavingsBank BRION
77%
100 Thieves
75%
BNK FEARX
75%
Team Vitality
75%
Royal Never Give Up
73%
Team Heretics
73%
GIANTX
67%
Team WE
67%
Team BDS
65%
Weibo Gaming
65%
FunPlus Phoenix
63%
SK Gaming
63%
EDward Gaming
62%
GAM Esports
62%
TALON
60%
LNG Esports
58%
DN Freecs
57%
FURIA
53%
LOUD
52%
Team Secret Whales
52%
Ninjas in Pyjamas
45%
Oh My God
45%
Disguised
43%
RED Canids
43%
Shopify Rebellion
43%
paiN Gaming
42%
Dignitas
40%
LGD Gaming
40%
Vivo Keyd Stars
40%
ThunderTalk Gaming
38%
MGN Vikings Esports
37%
LYON
35%
Ultra Prime
35%
Detonation FocusMe
33%
Fukuoka Softbank HAWKS Gaming
33%
Chiefs Esports Club
30%
Isurus Estral
25%
Leviatan
18%
Fluxo W7M
13%
No matching quizzes found
Score Distribution
Percent of People with Each Score
Percentile by Number Answered
Your Score History
You have not taken this quiz since the last reset